|
|
|
|
| LEADER |
03101nam a2200781 a 4500 |
| 001 |
nkc20122347941 |
| 003 |
CZ PrNK |
| 005 |
20130614064742.0 |
| 007 |
ta |
| 008 |
120315s2012 xr aeh e 000 0 cze |
| 015 |
|
|
|a cnb002347941
|
| 020 |
|
|
|a 978-80-260-1882-7
|q (váz.)
|
| 035 |
|
|
|a (OCoLC)806198842
|
| 040 |
|
|
|a ABA001
|b cze
|
| 041 |
1 |
|
|a cze
|a eng
|a ger
|h cze
|
| 043 |
|
|
|a e-xr---
|b e-xr-pg
|2 czenas
|
| 045 |
|
|
|a r-v-
|a y0y1
|
| 072 |
|
7 |
|a 72
|x Architektura
|2 Konspekt
|9 21
|
| 080 |
|
|
|a 72.092
|2 MRF
|
| 080 |
|
|
|a 725.182
|2 MRF
|
| 080 |
|
|
|a 7.025.3/.4
|2 MRF
|
| 080 |
|
|
|a 711.61
|2 MRF
|
| 080 |
|
|
|a 69.059.3
|2 MRF
|
| 080 |
|
|
|a (437.311)
|2 MRF
|
| 080 |
|
|
|a 94(437.311)
|2 MRF
|
| 080 |
|
|
|a (0:82-9)
|2 MRF
|
| 080 |
|
|
|a (084.12)
|2 MRF
|
| 100 |
1 |
|
|a Melková, Pavla,
|d 1964-
|7 xx0150784
|4 aut
|4 pht
|
| 245 |
1 |
0 |
|a Bastion XXXI - U Božích muk /
|c [texty Pavla Melková, Miroslav Cikán ; fotografie Miroslav Cikán ... et al.]
|
| 246 |
3 |
0 |
|a U Božích muk
|
| 250 |
|
|
|a 1. vyd.
|
| 260 |
|
|
|a Praha :
|b MCA atelier :
|b Městská část Praha 2,
|c 2012
|
| 300 |
|
|
|a 125 s. :
|b il. (převážně barev.), plány, faksim. ;
|c 24 x 29 cm
|
| 546 |
|
|
|a Část. souběžný anglický a německý text
|
| 600 |
1 |
7 |
|a Melková, Pavla,
|d 1964-
|7 xx0150784
|2 czenas
|
| 600 |
1 |
7 |
|a Cikán, Miroslav,
|d 1964-
|7 xx0150783
|2 czenas
|
| 610 |
2 |
7 |
|a MCA atelier
|7 kn20120709008
|2 czenas
|
| 648 |
|
7 |
|a 2007
|7 ch969027
|2 czenas
|
| 648 |
|
7 |
|a 2001-2010
|7 ch460588
|2 czenas
|
| 648 |
|
7 |
|a 14.-18. století
|7 ch757049
|2 czenas
|
| 648 |
|
7 |
|a 2007-2011
|7 ch967366
|2 czenas
|
| 648 |
|
7 |
|a 2001-2020
|7 ch460601
|2 czenas
|
| 650 |
0 |
7 |
|a architektonické soutěže
|7 ph138574
|z Česko
|y 2001-2010
|2 czenas
|
| 650 |
0 |
7 |
|a opevnění
|7 ph123763
|z Česko
|y 14.-18. století
|2 czenas
|
| 650 |
0 |
7 |
|a obnova a rekonstrukce památek
|7 ph168233
|z Česko
|y 2001-2020
|2 czenas
|
| 650 |
0 |
7 |
|a veřejná prostranství
|7 ph127074
|z Česko
|2 czenas
|
| 650 |
0 |
7 |
|a stavební úpravy
|7 ph126089
|z Česko
|y 2001-2020
|2 czenas
|
| 650 |
0 |
9 |
|a architectural competitions
|z Czechia
|y 2001-2010
|2 eczenas
|
| 650 |
0 |
9 |
|a fortification
|z Czechia
|y 14th-18th centuries
|2 eczenas
|
| 650 |
0 |
9 |
|a renewal and reconstruction of monuments
|z Czechia
|y 2001-2020
|2 eczenas
|
| 650 |
0 |
9 |
|a public places
|z Czechia
|2 eczenas
|
| 650 |
0 |
9 |
|a building improvement
|z Czechia
|y 2001-2020
|2 eczenas
|
| 651 |
|
7 |
|a Albertov (Praha, Česko)
|7 ge553566
|2 czenas
|
| 651 |
|
7 |
|a Karlov (Praha, Česko)
|7 ge708083
|2 czenas
|
| 651 |
|
7 |
|a Nové Město (Praha, Česko)
|7 ge130225
|x dějiny
|2 czenas
|
| 651 |
|
9 |
|a Albertov (Prague, Czechia)
|2 eczenas
|
| 651 |
|
9 |
|a Karlov (Prague, Czechia)
|2 eczenas
|
| 651 |
|
9 |
|a Nové Město (Prague, Czechia)
|x history
|2 eczenas
|
| 655 |
|
7 |
|a texty
|7 fd133699
|2 czenas
|
| 655 |
|
7 |
|a fotografické publikace
|7 fd132276
|2 czenas
|
| 655 |
|
9 |
|a texts
|2 eczenas
|
| 655 |
|
9 |
|a photographical works
|2 eczenas
|
| 700 |
1 |
|
|a Cikán, Miroslav,
|d 1964-
|7 xx0150783
|4 aut
|4 pht
|
| 910 |
2 |
|
|a BOA001
|b 4-1303.547
|
| 990 |
|
|
|a BK
|
| 995 |
|
|
|a 01
|
| 991 |
|
|
|b 201306
|c NOV
|e n
|
| 996 |
6 |
|
|b 2610550845
|c 4-1303.547
|l MZK
|r Sklad / do 1 hodiny
|n 3
|p p.v.
|w 001331896
|u 000010
|a 1
|e BOA001
|j MZK50
|s P
|